PEDIATRIC NURSING (Record no. 6766)

MARC details
000 -LEADER
fixed length control field 00343nam a2200145Ia 4500
008 - FIXED-LENGTH DATA ELEMENTS--GENERAL INFORMATION
fixed length control field 150301s2006 xx 000 0 und d
082 ## - DEWEY DECIMAL CLASSIFICATION NUMBER
Classification number 610.07
Item number P06C
100 ## - MAIN ENTRY--PERSONAL NAME
Personal name CLEMENT,I
245 ## - TITLE STATEMENT
Title PEDIATRIC NURSING
250 ## - EDITION STATEMENT
Edition statement 1ST
260 ## - PUBLICATION, DISTRIBUTION, ETC. (IMPRINT)
Name of publisher, distributor, etc. AP. JAIN & COMP.
Place of publication, distribution, etc. DELHI
Date of publication, distribution, etc. 2006
300 ## - PHYSICAL DESCRIPTION
Extent 308
650 ## - SUBJECT ADDED ENTRY--TOPICAL TERM
Topical term or geographic name as entry element PEDIATRIC NURSING
942 ## - ADDED ENTRY ELEMENTS (KOHA)
Source of classification or shelving scheme Dewey Decimal Classification
Koha item type Books
Koha issues (borrowed), all copies 15
Holdings
Withdrawn status Lost status Source of classification or shelving scheme Damaged status Not for loan Collection code Home library Current library Shelving location Date acquired Source of acquisition Cost, normal purchase price SGTU Bill Number Total Checkouts Full call number Barcode Date last seen Date last checked out Bill Date Koha item type
    Dewey Decimal Classification     NURSING SGT Medical Library SGT Medical Library Text Book 02/07/2015 A.P JAIN & COMP. 150.00 SGTU 407 4 610.07 P06C FN2526 18/07/2025 03/07/2025 29/11/2014 Books
    Dewey Decimal Classification     NURSING SGT Medical Library SGT Medical Library Text Book 02/07/2015 A.P JAIN & COMP. 150.00 SGTU 407 8 610.07 P06C FN2527 06/09/2022 24/08/2022 29/11/2014 Books
    Dewey Decimal Classification     NURSING SGT Medical Library SGT Medical Library Text Book 02/07/2015 A.P JAIN & COMP. 150.00 SGTU 407 8 610.07 P06C FN2528 18/04/2025 18/04/2025 29/11/2014 Books
    Dewey Decimal Classification     NURSING SGT Medical Library SGT Medical Library Text Book 02/07/2015 A.P JAIN & COMP. 150.00 SGTU 407 3 610.07 P06C FN2529 07/08/2023 07/08/2023 29/11/2014 Books
    Dewey Decimal Classification     NURSING SGT Medical Library SGT Medical Library Text Book 02/07/2015 A.P JAIN & COMP. 150.00 SGTU 407 3 610.07 P06C FN2530 01/08/2025 08/07/2025 29/11/2014 Books